000 00347nam a2200145Ia 4500
008 230917s9999||||xx |||||||||||||| ||und||
040 _e46737
_aMAIN
041 _aEnglish
082 _a822.33 S15R
100 _aShakespeare, William
245 0 _aRomeo and Juliet
260 _aLondon
_bMacmillan
_c1964
300 _axxx, 216 p.
942 _cBK
999 _c185898
_d185898